00675nam a22002057a 450000500170000001000130001702000230003003500130005303700100006608200080007610000230008424500480010726000430015527000420019830000260024065000270026694200220029399900170031595201370033220111011143959.0 aG-001748 c200.00a8188473766 aG-001748 bGift  a515 aBrij Mohan 935470 aThe intermediate calculus /cby Brij Mohan  aNew Delhi bArunodayanprakashan c2009 a21-A, Daryaganj, bNew Delhi e110002 avi, 168p. c19cm (Hb) aEnglish Poetry 935471 2ddccCHh515mBRI c57540d57540 001040708NFICaJPbJPd2011-10-11egiftg200.00l6o515 BRIpG-001748r2013-02-21 00:00:00s2012-12-19t1v200.00w2011-10-11yCH